[Event "MNT-chT 1st League"]
[Site "Podgorica"]
[Date "2019.07.23"]
[Round "4.6"]
[White "Kontic, Djordjije"]
[Black "Rakic, Tijana"]
[Result "1-0"]
[WhiteElo "2264"]
[BlackElo "1546"]
[PlyCount "41"]
[EventDate "2019.07.20"]
[EventType "team-tourn"]
[EventRounds "9"]
[EventCountry "MNE"]
[SourceTitle "EXT 2020"]
[Source "ChessBase"]
[SourceDate "2019.10.17"]
[SourceVersion "1"]
[SourceVersionDate "2019.10.17"]
[SourceQuality "1"]
[WhiteTeam "Elektroprivreda"]
[BlackTeam "Buducnost Omladinac"]
[WhiteTeamCountry "MNE"]
[BlackTeamCountry "MNE"]

1. e4 d5 2. exd5 Qxd5 3. Nf3 Nf6 4. Nc3 Qd6 5. d4 g6 6. Nb5 Qb6 7. c4 c6 8. c5 Qd8 9. Na3 Bg7 10. Bc4 Bg4 11. Bxf7+ Kxf7 12. Ne5+ Ke8 13. Nxg4 Nxg4 14. Qxg4 Bxd4 15. 0-0 Qd7 16. Qh4 Bxc5 17. Re1 Qf5 18. Be3 Nd7 19. Bxc5 Qxc5 20. Rad1 Nf6 21. Qxf6 1-0

[Event "MNT-chT 1st League"]
[Site "Podgorica"]
[Date "2019.07.21"]
[Round "2.5"]
[White "Rakic, Tijana"]
[Black "Pajkovic, Vladimir"]
[Result "0-1"]
[WhiteElo "1546"]
[BlackElo "2426"]
[PlyCount "108"]
[EventDate "2019.07.20"]
[EventType "team-tourn"]
[EventRounds "9"]
[EventCountry "MNE"]
[SourceTitle "EXT 2020"]
[Source "ChessBase"]
[SourceDate "2019.10.17"]
[SourceVersion "1"]
[SourceVersionDate "2019.10.17"]
[SourceQuality "1"]
[WhiteTeam "Buducnost Omladinac"]
[BlackTeam "Buducnost"]
[WhiteTeamCountry "MNE"]
[BlackTeamCountry "MNE"]

1. e4 e5 2. d4 exd4 3. Nf3 d5 4. Qxd4 Nf6 5. exd5 Qxd5 6. Bc4 Qxd4 7. Nxd4 Bc5 8. Nb5 Na6 9. Bf4 Bd7 10. 0-0 0-0-0 11. N1c3 Bxb5 12. Bxb5 Nb4 13. Ba4 Nh5 14. Be3 Bxe3 15. fxe3 Nf6 16. e4 Rhf8 17. a3 Nc6 18. Bxc6 bxc6 19. Rf5 Rd2 20. Rf2 Rd7 21. e5 Ng4 22. e6 Re7 23. Rxf7 Rfxf7 24. exf7 Rxf7 25. h3 Ne3 26. Ne2 Nxc2 27. Rc1 Ne3 28. Rc3 Rf1+ 29. Kh2 Nd1 30. Rc1 Rf2 31. Rxd1 Rxe2 32. b4 Re5 33. Rf1 h5 34. Rf3 c5 35. Kg3 cxb4 36. axb4 Re4 37. Rb3 Kb7 38. Kf3 Rc4 39. Ke3 Kb6 40. Kd3 Rf4 41. Rb2 a6 42. Ke3 g5 43. g3 Rc4 44. Kd3 Kb5 45. Re2 Kxb4 46. Rb2+ Kc5 47. Ra2 Rb4 48. Ra5+ Rb5 49. Rxa6 Rb3+ 50. Kc2 Rxg3 51. Ra5+ Kb4 52. Rf5 h4 53. Re5 c5 54. Re4+ c4 0-1

[Event "MNT-chT 1st League"]
[Site "Podgorica"]
[Date "2019.07.20"]
[Round "1.6"]
[White "Balic, Adnan"]
[Black "Rakic, Tijana"]
[Result "1-0"]
[WhiteElo "2075"]
[BlackElo "1546"]
[PlyCount "93"]
[EventDate "2019.07.20"]
[EventType "team-tourn"]
[EventRounds "9"]
[EventCountry "MNE"]
[SourceTitle "EXT 2020"]
[Source "ChessBase"]
[SourceDate "2019.10.17"]
[SourceVersion "1"]
[SourceVersionDate "2019.10.17"]
[SourceQuality "1"]
[WhiteTeam "Rokada"]
[BlackTeam "Buducnost Omladinac"]
[WhiteTeamCountry "MNE"]
[BlackTeamCountry "MNE"]

1. c4 c5 2. Nc3 Nc6 3. g3 g6 4. Bg2 Bg7 5. e3 e5 6. Nge2 Nge7 7. 0-0 0-0 8. b3 d6 9. Bb2 Be6 10. Nd5 Rb8 11. Nxe7+ Nxe7 12. d4 exd4 13. exd4 d5 14. cxd5 Bxd5 15. Bxd5 Qxd5 16. Rc1 Rbd8 17. Ba3 Bxd4 18. Nxd4 Qxd4 19. Qxd4 Rxd4 20. Rfe1 Rd7 21. Rxc5 Nc6 22. Rc4 Rfd8 23. Bc1 f6 24. Kg2 Kf7 25. Be3 Ne5 26. Rh4 Kg8 27. Bxa7 Rd2 28. a4 Rb2 29. Re3 Rd3 30. Rxd3 Nxd3 31. a5 Rxb3 32. Rd4 Ne5 33. Rd8+ Kg7 34. Bb6 Rd3 35. Rc8 Rd7 36. f4 Nc6 37. a6 Ne7 38. Rd8 Rxd8 39. Bxd8 bxa6 40. Bxe7 Kf7 41. Bb4 Ke6 42. Kf3 g5 43. fxg5 fxg5 44. Kg4 Kf6 45. Kh5 Kf5 46. g4+ Kf4 47. Bd2+ 1-0

[Event "MNT-ch U20 Girls"]
[Site "Pljevlja"]
[Date "2019.07.02"]
[Round "7"]
[White "Koljevic, Nikolina"]
[Black "Rakic, Tijana"]
[Result "1/2-1/2"]
[WhiteElo "1960"]
[BlackElo "1622"]
[PlyCount "43"]
[EventDate "2019.06.29"]
[EventType "tourn"]
[EventRounds "10"]
[EventCountry "MNE"]
[SourceTitle "EXT 2020"]
[Source "ChessBase"]
[SourceDate "2019.10.17"]
[SourceVersion "1"]
[SourceVersionDate "2019.10.17"]
[SourceQuality "1"]

1. e4 d5 2. exd5 Qxd5 3. Nc3 Qd6 4. d4 Nf6 5. Nf3 g6 6. Nb5 Qb6 7. a4 a5 8. Be2 c6 9. Na3 Bg7 10. 0-0 0-0 11. Bf4 Bf5 12. Nc4 Qd8 13. h3 Nbd7 14. Ne3 Be4 15. Ng5 Bd5 16. c4 h6 17. cxd5 hxg5 18. Bxg5 Nxd5 19. Nxd5 cxd5 20. Bf3 Nf6 21. Re1 Re8 22. h4 1/2-1/2

[Event "MNT-ch U20 Girls"]
[Site "Pljevlja"]
[Date "2019.07.02"]
[Round "8"]
[White "Rakic, Tijana"]
[Black "Popovic, Mateja"]
[Result "1/2-1/2"]
[WhiteElo "1622"]
[BlackElo "1497"]
[PlyCount "56"]
[EventDate "2019.06.29"]
[EventType "tourn"]
[EventRounds "10"]
[EventCountry "MNE"]
[SourceTitle "EXT 2020"]
[Source "ChessBase"]
[SourceDate "2019.10.17"]
[SourceVersion "1"]
[SourceVersionDate "2019.10.17"]
[SourceQuality "1"]

1. e4 e5 2. d4 exd4 3. Nf3 Nc6 4. Nxd4 d6 5. Nc3 Nf6 6. Bb5 Bd7 7. 0-0 a6 8. Nxc6 bxc6 9. Bc4 h6 10. Qe2 a5 11. e5 dxe5 12. Qxe5+ Be7 13. Re1 Kf8 14. Ne4 Nxe4 15. Qxe4 Bf6 16. c3 Qe8 17. Bf4 Qxe4 18. Rxe4 Bf5 19. Ree1 Ra7 20. Be3 Rb7 21. Re2 g5 22. Rd1 Kg7 23. Bd4 Rbb8 24. Bxf6+ Kxf6 25. Rde1 Rhd8 26. Re7 Rd7 27. Rxd7 Bxd7 28. b3 Re8 1/2-1/2

[Event "MNT-ch 71st"]
[Site "Podgorica"]
[Date "2019.05.20"]
[Round "3"]
[White "Koljevic, Nikolina"]
[Black "Rakic, Tijana"]
[Result "1-0"]
[WhiteElo "1964"]
[BlackElo "1579"]
[PlyCount "81"]
[EventDate "2019.05.18"]
[EventType "swiss"]
[EventRounds "9"]
[EventCountry "MNE"]
[SourceTitle "CBM 190 Extra"]
[Source "ChessBase"]
[SourceDate "2019.07.15"]
[SourceVersion "1"]
[SourceVersionDate "2019.07.15"]
[SourceQuality "1"]

1. e4 e5 2. Nf3 Nf6 3. Nxe5 d6 4. Nf3 Nxe4 5. Nc3 Nxc3 6. dxc3 Be7 7. Be3 Nc6 8. Qd2 Be6 9. 0-0-0 a5 10. a3 0-0 11. h4 Ne5 12. Be2 Ng4 13. Nd4 Nxe3 14. Qxe3 Bd7 15. Bd3 Re8 16. Qg3 Bf6 17. Kb1 c6 18. Nf3 Qb6 19. Kc1 Qc5 20. Ng5 Bf5 21. Bxf5 Qxf5 22. Qd3 Bxg5+ 23. hxg5 Qxg5+ 24. Kb1 h6 25. Qf3 d5 26. Rd4 Qe5 27. Rg4 Re6 28. Rf4 Qc7 29. Rd1 Rae8 30. Rfd4 Rf6 31. Qd3 Rxf2 32. c4 Ree2 33. Rc1 Rxg2 34. cxd5 cxd5 35. Rxd5 Re8 36. Rf1 Rc8 37. Rc1 Rg6 38. Rd7 Qb6 39. Rxf7 Rxc2 40. Rxc2 Rg1+ 41. Rf1 1-0

[Event "Wch U18 Girls"]
[Site "Porto Carras"]
[Date "2018.10.21"]
[Round "2"]
[White "Tsivelekidou, Evgenia"]
[Black "Rakic, Tijana"]
[Result "1/2-1/2"]
[WhiteElo "1891"]
[BlackElo "1651"]
[PlyCount "70"]
[EventDate "2018.10.20"]
[EventType "swiss"]
[EventRounds "11"]
[EventCountry "GRE"]
[SourceTitle "CBM 187 Extra"]
[Source "ChessBase"]
[SourceDate "2018.11.04"]
[SourceVersion "1"]
[SourceVersionDate "2018.11.04"]
[SourceQuality "1"]

1. d4 Nf6 2. c4 c5 3. Nf3 b5 4. cxb5 a6 5. dxc5 Qa5+ 6. Bd2 Qxb5 7. Qc2 e6 8. b4 Nc6 9. a3 Qb8 10. e3 Be7 11. Nc3 0-0 12. Be2 Bb7 13. 0-0 a5 14. Na4 axb4 15. axb4 Nd5 16. b5 Ne5 17. Nd4 Rc8 18. f4 Ng6 19. c6 dxc6 20. bxc6 Ba6 21. Bxa6 Rxa6 22. Rab1 Qa8 23. Nc3 Nxc3 24. Qxc3 Bf6 25. c7 Bxd4 26. exd4 Rc6 27. Rb8 Rxc3 28. Rxa8 R3xc7 29. Rxc8+ Rxc8 30. f5 exf5 31. Rxf5 Rd8 32. Bc3 Ne7 33. Re5 Ng6 34. Rb5 f6 35. Rb7 Nf4 1/2-1/2

[Event "Wch U18 Girls"]
[Site "Porto Carras"]
[Date "2018.10.20"]
[Round "1"]
[White "Rakic, Tijana"]
[Black "Greibrokk, Ingrid Andrea"]
[Result "0-1"]
[WhiteElo "1651"]
[BlackElo "2018"]
[PlyCount "130"]
[EventDate "2018.10.20"]
[EventType "swiss"]
[EventRounds "11"]
[EventCountry "GRE"]
[SourceTitle "CBM 187 Extra"]
[Source "ChessBase"]
[SourceDate "2018.11.04"]
[SourceVersion "1"]
[SourceVersionDate "2018.11.04"]
[SourceQuality "1"]

1. e4 c5 2. Nf3 d6 3. d4 cxd4 4. Nxd4 Nf6 5. Nc3 g6 6. Be3 Bg7 7. Bc4 Ng4 8. Qd2 Nxe3 9. Qxe3 0-0 10. 0-0 Nc6 11. Nf3 Bd7 12. Bb3 Na5 13. Rfd1 Bg4 14. Rd3 Nxb3 15. axb3 a6 16. Qg5 Bxf3 17. Rxf3 e6 18. Qd2 Qc7 19. Rd1 Rfd8 20. Rd3 Rac8 21. Rxd6 Rxd6 22. Qxd6 Qxd6 23. Rxd6 Bxc3 24. bxc3 Rxc3 25. Rd2 Kf8 26. Kf1 Ke7 27. Ke1 b5 28. Kd1 Rc6 29. Rd3 Rd6 30. Ke2 a5 31. Rc3 Kd7 32. Rc5 Rb6 33. e5 a4 34. bxa4 bxa4 35. Ra5 Rb4 36. Kd3 Kc6 37. c4 Kb6 38. Ra8 Kb7 39. Ra5 Kb6 40. Ra8 Kb7 41. Ra5 Rb2 42. Ke3 Ra2 43. g3 Kb6 44. Ra8 Kc5 45. Rc8+ Kb4 46. c5 Rc2 47. c6 Kb3 48. c7 Ka3 49. Kf3 h6 50. Kg4 Rc4+ 51. f4 Rc3 52. h4 Rc4 53. h5 Rc3 54. Kh4 Rc1 55. g4 gxh5 56. f5 hxg4 57. Kxg4 Rc4+ 58. Kh5 exf5 59. Kxh6 f4 60. Kg7 f3 61. e6 fxe6 62. Rf8 Rxc7+ 63. Kg6 Rc3 64. Kf6 Kb2 65. Kxe6 a3 0-1

[Event "Olympiad Women-43"]
[Site "Batumi"]
[Date "2018.10.01"]
[Round "7.39"]
[White "Rakic, Tijana"]
[Black "Mariam, Essa"]
[Result "0-1"]
[WhiteElo "1651"]
[BlackElo "1460"]
[PlyCount "66"]
[EventDate "2018.09.24"]
[EventType "team-swiss"]
[EventRounds "11"]
[EventCountry "GEO"]
[SourceTitle "EXT 2020"]
[Source "ChessBase"]
[SourceDate "2019.10.17"]
[SourceVersion "1"]
[SourceVersionDate "2019.10.17"]
[SourceQuality "1"]
[WhiteTeam "Montenegro (W)"]
[BlackTeam "United Arab Emirates (W)"]
[WhiteTeamCountry "MNE"]
[BlackTeamCountry "UAE"]

1. e4 c5 2. Nf3 e6 3. d4 cxd4 4. Nxd4 a6 5. Nc3 b5 6. a3 Bb7 7. Be3 Qc7 8. f3 Nf6 9. Qd2 Be7 10. Bd3 0-0 11. g4 Nc6 12. Nxc6 dxc6 13. h4 c5 14. h5 c4 15. g5 Nd7 16. Bf1 Ne5 17. Qf2 Rfd8 18. Bb6 Nxf3+ 19. Qxf3 Qxb6 20. g6 fxg6 21. hxg6 hxg6 22. Qh3 Bf6 23. Bg2 Rd6 24. Ne2 Rad8 25. Qh7+ Kf7 26. Rf1 Qe3 27. Rf3 Qd2+ 28. Kf2 Qxc2 29. Rf4 Rd2 30. Re1 Qxb2 31. Qh4 Ke7 32. Rxf6 Qxf6+ 33. Qxf6+ gxf6 0-1

[Event "Olympiad Women-43"]
[Site "Batumi"]
[Date "2018.09.26"]
[Round "3.44"]
[White "Makhlouf, Ahlam"]
[Black "Rakic, Tijana"]
[Result "1-0"]
[WhiteElo "1408"]
[BlackElo "1651"]
[PlyCount "57"]
[EventDate "2018.09.24"]
[EventType "team-swiss"]
[EventRounds "11"]
[EventCountry "GEO"]
[SourceTitle "EXT 2020"]
[Source "ChessBase"]
[SourceDate "2019.10.17"]
[SourceVersion "1"]
[SourceVersionDate "2019.10.17"]
[SourceQuality "1"]
[WhiteTeam "Morocco (W)"]
[BlackTeam "Montenegro (W)"]
[WhiteTeamCountry "MAR"]
[BlackTeamCountry "MNE"]

1. e4 d5 2. exd5 Qxd5 3. c4 Qd6 4. d4 g6 5. Nc3 c6 6. Nf3 Bg7 7. Be3 Nf6 8. Be2 0-0 9. 0-0 Re8 10. Qd2 Ng4 11. h3 Nxe3 12. fxe3 e5 13. Rad1 e4 14. Ng5 f5 15. c5 Qg3 16. Bc4+ Kf8 17. Nf7 Be6 18. Nd6 Bxc4 19. Nxc4 Na6 20. Nd6 Re7 21. Ncxe4 Qh4 22. Rf4 Qh5 23. Rdf1 Kg8 24. Nc3 Bh6 25. R4f3 Qg5 26. Re1 Rd8 27. Qf2 b6 28. Nxf5 Rf7 29. Nxh6+ 1-0

[Event "MNT-ch U20 Girls"]
[Site "Pljevlja"]
[Date "2018.07.02"]
[Round "10"]
[White "Vukanic, Emilija"]
[Black "Rakic, Tijana"]
[Result "0-1"]
[WhiteElo "1436"]
[BlackElo "1554"]
[PlyCount "78"]
[EventDate "2018.06.28"]
[EventType "tourn"]
[EventRounds "10"]
[EventCountry "MNE"]
[SourceTitle "EXT 2019"]
[Source "ChessBase"]
[SourceDate "2018.10.10"]
[SourceVersion "1"]
[SourceVersionDate "2018.10.10"]
[SourceQuality "1"]

1. d4 Nf6 2. c4 c5 3. d5 b5 4. cxb5 a6 5. b6 d6 6. Nc3 Nbd7 7. e4 g6 8. Nf3 Rb8 9. Nd2 Bg7 10. Nc4 0-0 11. Bg5 Nxb6 12. Qd2 Ne8 13. Be2 Nc7 14. 0-0 Nb5 15. Rab1 Nd4 16. h3 Nxc4 17. Bxc4 a5 18. b3 Bxh3 19. Ne2 Bd7 20. Nxd4 Bxd4 21. Be3 Bxe3 22. Qxe3 Rb4 23. Rbc1 a4 24. Rc3 axb3 25. axb3 Qb6 26. Ra1 Rb8 27. Qe2 e6 28. Ra6 Qc7 29. Qd2 R8b6 30. Rxb6 Rxb6 31. dxe6 Bxe6 32. f3 Qa7 33. Rd3 Qa1+ 34. Qd1 Qe5 35. Qd2 Qg3 36. Qf2 Qe5 37. Qd2 Bxc4 38. bxc4 Rb1+ 39. Kf2 Rb2 0-1

[Event "MNT-ch U20 Girls"]
[Site "Pljevlja"]
[Date "2018.06.29"]
[Round "3"]
[White "Rakic, Tijana"]
[Black "Koljevic, Nikolina"]
[Result "1-0"]
[WhiteElo "1554"]
[BlackElo "1832"]
[PlyCount "57"]
[EventDate "2018.06.28"]
[EventType "tourn"]
[EventRounds "10"]
[EventCountry "MNE"]
[SourceTitle "EXT 2019"]
[Source "ChessBase"]
[SourceDate "2018.10.10"]
[SourceVersion "1"]
[SourceVersionDate "2018.10.10"]
[SourceQuality "1"]

1. e4 c5 2. Nf3 e6 3. d3 d5 4. Nbd2 Nc6 5. g3 Bd6 6. Bg2 Nge7 7. 0-0 0-0 8. Re1 Qc7 9. exd5 exd5 10. c3 Bf5 11. Nf1 Rad8 12. a4 d4 13. Nh4 Be6 14. c4 Nb4 15. a5 Ng6 16. Nxg6 hxg6 17. Be4 Bf5 18. Bxf5 gxf5 19. f4 Rfe8 20. Rxe8+ Rxe8 21. b3 Re6 22. Ba3 Nc6 23. Qd2 Qxa5 24. Qd1 Qc7 25. Nd2 Qe7 26. Kf2 Rh6 27. Nf3 Qe3+ 28. Kf1 Re6 29. Bc1 1-0

[Event "EU-ch Amateur U2000"]
[Site "Niksic"]
[Date "2018.06.17"]
[Round "5"]
[White "Le Bris, Louis"]
[Black "Rakic, Tijana"]
[Result "0-1"]
[WhiteElo "1734"]
[BlackElo "1554"]
[PlyCount "50"]
[EventDate "2018.06.14"]
[EventType "swiss"]
[EventRounds "9"]
[EventCountry "MNE"]
[SourceTitle "EXT 2019"]
[Source "ChessBase"]
[SourceDate "2018.10.10"]
[SourceVersion "1"]
[SourceVersionDate "2018.10.10"]
[SourceQuality "1"]

1. e4 d5 2. e5 c5 3. d4 Nc6 4. c3 Bf5 5. Be3 e6 6. f4 cxd4 7. Bxd4 Nge7 8. Nf3 Bg4 9. Bc5 Qa5 10. Bd6 Bxf3 11. Qxf3 Nd4 12. Qd1 Ndf5 13. Bb4 Qb6 14. Qd3 a6 15. g4 Ne3 16. Bh3 Ng6 17. Bxf8 Nxf4 18. Qd2 Kxf8 19. Bf1 Ng6 20. Bd3 Nxe5 21. Ke2 N3xg4 22. Rf1 Nxh2 23. Rf2 Nhg4 24. Rf1 d4 25. c4 Qc6 0-1

[Event "MNT-ch sf"]
[Site "Podgorica"]
[Date "2018.03.18"]
[Round "7"]
[White "Rakic, Tijana"]
[Black "Cirovic, Miroljub"]
[Result "0-1"]
[WhiteElo "1493"]
[BlackElo "2174"]
[PlyCount "42"]
[EventDate "2018.03.15"]
[EventType "swiss"]
[EventRounds "9"]
[EventCountry "MNE"]
[SourceTitle "EXT 2019"]
[Source "ChessBase"]
[SourceDate "2018.10.10"]
[SourceVersion "1"]
[SourceVersionDate "2018.10.10"]
[SourceQuality "1"]

1. b4 e5 2. Bb2 Bxb4 3. Bxe5 Nf6 4. Nc3 Be7 5. Nf3 0-0 6. e3 d6 7. Bg3 c6 8. d4 b5 9. a3 a6 10. Bd3 Nbd7 11. 0-0 Nh5 12. Ne2 Bb7 13. c4 Nxg3 14. Nxg3 g6 15. Qe2 Re8 16. Rab1 Qa5 17. a4 b4 18. Qd2 c5 19. dxc5 Nxc5 20. Qxb4 Qxb4 21. Rxb4 Bxf3 0-1

[Event "Podgorica Buducnost op 3rd"]
[Site "Podgorica"]
[Date "2017.12.26"]
[Round "7"]
[White "Djurovic, Peko"]
[Black "Rakic, Tijana"]
[Result "1-0"]
[WhiteElo "1768"]
[BlackElo "1487"]
[PlyCount "124"]
[EventDate "2017.12.22"]
[EventType "swiss"]
[EventRounds "7"]
[EventCountry "MNE"]
[SourceTitle "CBM 182 Extra"]
[Source "ChessBase"]
[SourceDate "2018.02.23"]
[SourceVersion "1"]
[SourceVersionDate "2018.02.23"]
[SourceQuality "1"]

1. e4 c5 2. Nf3 e6 3. d4 cxd4 4. Nxd4 Qc7 5. Nc3 Nc6 6. Be3 a6 7. Qf3 Nf6 8. 0-0-0 Ne5 9. Qg3 b5 10. Bf4 d6 11. f3 Nh5 12. Qh4 Nxf4 13. Qxf4 Bb7 14. Qg3 Rc8 15. f4 Nc4 16. Bd3 Nxb2 17. Kxb2 Qxc3+ 18. Kb1 d5 19. Be2 Qxg3 20. hxg3 dxe4 21. Bg4 Be7 22. f5 e5 23. f6 Bxf6 24. Bxc8 Bxc8 25. Nb3 Be7 26. Rd5 f6 27. Nc5 Bxc5 28. Rxc5 0-0 29. Rc7 Rd8 30. Re1 Bf5 31. Kc1 Be6 32. a3 f5 33. Re7 Bc8 34. Rxe5 Kf7 35. Rd1 Rxd1+ 36. Kxd1 g5 37. Ke2 h5 38. Ke3 Bd7 39. Kd4 h4 40. gxh4 gxh4 41. Ke3 Kf6 42. Kf4 a5 43. Rd5 Be6 44. Rxb5 Bc4 45. Rb6+ Kg7 46. Kxf5 e3 47. Kf4 e2 48. Rb1 Bd5 49. Kg4 Bxg2 50. Kxh4 Be4 51. Re1 Bxc2 52. Rxe2 Bb3 53. Rf2 a4 54. Kg3 Bf7 55. Rf4 Bb3 56. Kf3 Kg6 57. Ke4 Kg5 58. Rf2 Kg6 59. Kd4 Kg5 60. Kc5 Kg6 61. Kb5 Kg7 62. Rf4 Bf7 1-0

[Event "Podgorica Buducnost op 3rd"]
[Site "Podgorica"]
[Date "2017.12.23"]
[Round "2"]
[White "Rakic, Tijana"]
[Black "Jeknic, Velimir"]
[Result "1/2-1/2"]
[WhiteElo "1487"]
[BlackElo "1902"]
[PlyCount "25"]
[EventDate "2017.12.22"]
[EventType "swiss"]
[EventRounds "7"]
[EventCountry "MNE"]
[SourceTitle "CBM 182 Extra"]
[Source "ChessBase"]
[SourceDate "2018.02.23"]
[SourceVersion "1"]
[SourceVersionDate "2018.02.23"]
[SourceQuality "1"]

1. e4 c5 2. d4 cxd4 3. c3 dxc3 4. Nxc3 e6 5. Nf3 Nc6 6. Bc4 Bb4 7. 0-0 Nf6 8. Bf4 0-0 9. e5 Ne8 10. Qe2 f6 11. exf6 Nxf6 12. Nb5 Ne8 13. Bg3 1/2-1/2

[Event "Podgorica Buducnost op 3rd"]
[Site "Podgorica"]
[Date "2017.12.22"]
[Round "1"]
[White "Durutovic, Dragutin"]
[Black "Rakic, Tijana"]
[Result "1-0"]
[WhiteElo "2024"]
[BlackElo "1487"]
[PlyCount "29"]
[EventDate "2017.12.22"]
[EventType "swiss"]
[EventRounds "7"]
[EventCountry "MNE"]
[SourceTitle "CBM 182 Extra"]
[Source "ChessBase"]
[SourceDate "2018.02.23"]
[SourceVersion "1"]
[SourceVersionDate "2018.02.23"]
[SourceQuality "1"]

1. e4 d5 2. exd5 Qxd5 3. d4 Nf6 4. c4 Qd8 5. Nc3 e5 6. d5 Bb4 7. Qa4+ Qd7 8. Qxb4 a5 9. Qb5 c6 10. dxc6 Nxc6 11. Be3 0-0 12. Nf3 Qe7 13. Bc5 Qc7 14. Bxf8 e4 15. Bxg7 1-0

[Event "EU-chT (Women) 21st"]
[Site "Heraklion"]
[Date "2017.10.31"]
[Round "4.4"]
[White "Rakic, Tijana"]
[Black "Novkovic, Julia"]
[Result "0-1"]
[WhiteElo "1508"]
[BlackElo "2111"]
[PlyCount "84"]
[EventDate "2017.10.28"]
[EventType "team-swiss"]
[EventRounds "9"]
[EventCountry "GRE"]
[SourceTitle "CBM 181 Extra"]
[Source "ChessBase"]
[SourceDate "2017.12.12"]
[SourceVersion "1"]
[SourceVersionDate "2017.12.12"]
[SourceQuality "1"]
[WhiteTeam "Montenegro (W)"]
[BlackTeam "Austria (W)"]
[WhiteTeamCountry "MNE"]
[BlackTeamCountry "AUT"]

1. e4 e5 2. d4 exd4 3. c3 d5 4. exd5 Qxd5 5. Nf3 Nc6 6. cxd4 Bb4+ 7. Bd2 Bxd2+ 8. Qxd2 Bg4 9. Qe3+ Qe6 10. Qxe6+ Bxe6 11. Bb5 Nge7 12. Nc3 0-0-0 13. 0-0-0 Bg4 14. Rhe1 Bxf3 15. gxf3 Nf5 16. d5 Ncd4 17. Bf1 g6 18. Bh3 Kb8 19. Rd3 c5 20. dxc6 Ne2+ 21. Rxe2 Rxd3 22. cxb7 Rd7 23. Re5 Rxb7 24. Bxf5 gxf5 25. Rxf5 Rg8 26. Rh5 f6 27. Ne4 Rc8+ 28. Kb1 Rg7 29. Nc3 Rc4 30. Rf5 Rg6 31. Rh5 Rc7 32. a3 Rg1+ 33. Ka2 Rg5 34. Rh4 Rg2 35. Rf4 Rf7 36. Rb4+ Rb7 37. Rf4 Rxf2 38. Rxf6 Rbxb2+ 39. Ka1 Rbc2 40. Rf8+ Kb7 41. Rf7+ Kc8 42. Rf8+ Kd7 0-1

[Event "MNT-ch U16 Girls"]
[Site "Podgorica"]
[Date "2017.05.01"]
[Round "6"]
[White "Rakic, Tijana"]
[Black "Koljevic, Nikolina"]
[Result "1/2-1/2"]
[WhiteElo "1523"]
[BlackElo "1683"]
[PlyCount "132"]
[EventDate "2017.04.28"]
[EventType "tourn"]
[EventRounds "6"]
[EventCountry "MNE"]
[SourceTitle "EXT 2018"]
[Source "ChessBase"]
[SourceDate "2017.10.13"]
[SourceVersion "1"]
[SourceVersionDate "2017.10.13"]
[SourceQuality "1"]

1. e4 c5 2. Nf3 e6 3. d3 d5 4. Nbd2 Nc6 5. g3 Nf6 6. Bg2 Be7 7. 0-0 0-0 8. Re1 b6 9. e5 Nd7 10. Nf1 Re8 11. h4 Nf8 12. N1h2 f6 13. exf6 Bxf6 14. Ng5 Qd7 15. Qh5 h6 16. Nxe6 Qf7 17. Qxf7+ Kxf7 18. Bxd5 Bxe6 19. Bxc6 Bd7 20. Bd5+ Kg6 21. Bf4 Rxe1+ 22. Rxe1 Rd8 23. Be5 Bf5 24. Bf3 Re8 25. h5+ Kh7 26. Bc3 Rxe1+ 27. Bxe1 Bxb2 28. g4 Be6 29. Be4+ Kg8 30. c4 Nd7 31. f4 Nf6 32. Bf3 Kf7 33. g5 Ng8 34. Kg2 Bc1 35. g6+ Kf8 36. Bg3 Bf5 37. Be2 Ne7 38. Ng4 Nc6 39. Kf2 Nd4 40. Ne3 Bxe3+ 41. Kxe3 Nxe2 42. Kxe2 Bg4+ 43. Ke3 a6 44. f5 Bxf5 45. Bc7 Ke7 46. Bxb6 Kd6 47. Ba7 Bg4 48. Bb8+ Ke6 49. Ba7 Kd6 50. Ke4 Bxh5 51. Bb8+ Kc6 52. Kf5 Be2 53. Ke4 Bh5 54. Be5 Bxg6+ 55. Ke3 h5 56. Bxg7 Bh7 57. Bf6 Bg6 58. d4 cxd4+ 59. Kxd4 Bb1 60. a3 Bh7 61. Kc3 Bg8 62. Kb4 Bf7 63. c5 Bd5 64. Be7 Bf3 65. Ka5 Be2 66. Kb4 Bf1 1/2-1/2

[Event "MNT-ch U16 Girls"]
[Site "Podgorica"]
[Date "2017.04.28"]
[Round "1"]
[White "Rakic, Tijana"]
[Black "Mandic, Teodora"]
[Result "0-1"]
[WhiteElo "1523"]
[BlackElo "1601"]
[PlyCount "64"]
[EventDate "2017.04.28"]
[EventType "tourn"]
[EventRounds "6"]
[EventCountry "MNE"]
[SourceTitle "EXT 2018"]
[Source "ChessBase"]
[SourceDate "2017.10.13"]
[SourceVersion "1"]
[SourceVersionDate "2017.10.13"]
[SourceQuality "1"]

1. e4 e5 2. d4 exd4 3. Nf3 Nc6 4. Nxd4 Bc5 5. Nb3 Bb6 6. Nc3 Qf6 7. Qe2 Nge7 8. Be3 Bxe3 9. Qxe3 0-0 10. 0-0-0 a6 11. g4 h6 12. f4 Qe6 13. Be2 f5 14. Nc5 Qf7 15. gxf5 d6 16. Nd3 Re8 17. Qg3 b5 18. a3 Nd4 19. Bf3 Nec6 20. Nd5 Kh8 21. Rhg1 Bb7 22. Bh5 Qf8 23. Bxe8 Ne2+ 24. Kb1 Nxg3 25. Nxc7 Rc8 26. Ne6 Qxe8 27. Rxg3 Ne7 28. Rxg7 Bxe4 29. f6 Nf5 30. Nc7 Qf8 31. Rdg1 Qxf6 32. R1g6 Qh4 0-1

[Event "MNT-ch (Women)"]
[Site "Bar"]
[Date "2017.03.15"]
[Round "7"]
[White "Rakic, Tijana"]
[Black "Andjelic, Nikolina"]
[Result "1-0"]
[WhiteElo "1543"]
[BlackElo "1435"]
[PlyCount "47"]
[EventDate "2017.03.11"]
[EventType "tourn"]
[EventRounds "10"]
[EventCountry "MNE"]
[SourceTitle "CBM 177 Extra"]
[Source "ChessBase"]
[SourceDate "2017.04.27"]
[SourceVersion "1"]
[SourceVersionDate "2017.04.27"]
[SourceQuality "1"]

1. e4 e5 2. d4 exd4 3. c3 dxc3 4. Nxc3 Bb4 5. Bc4 Nc6 6. Nf3 h6 7. 0-0 d6 8. Qb3 Qd7 9. Rd1 Bxc3 10. Qxc3 f6 11. Nh4 Qg4 12. Nf3 Ne5 13. Be2 Qxe4 14. Re1 Qc6 15. Qb3 a6 16. Nd4 Qb6 17. Bh5+ Kd8 18. Qe3 Ne7 19. f4 N5c6 20. Nxc6+ Nxc6 21. Qxb6 cxb6 22. Be3 b5 23. Bb6+ Kd7 24. Bg4+ 1-0